ბათუმის შოთა რუსთაველის სახელმწიფო უნივერსიტეტის ბიბლიოთეკა

ქართული პოეზია. 15 ტომად:ტ.4.დავით გურამიშვილი:დავითიანი (ბიბ.ჩანაწერი № 43747)

000 -LEADER
fixed length control field 01126nam a2200229Ia 4500
001 - CONTROL NUMBER
control field 10492
003 - CONTROL NUMBER IDENTIFIER
control field GE_BSU
008 - FIXED-LENGTH DATA ELEMENTS--GENERAL INFORMATION
fixed length control field 181216s||||||||xx |||||||||||||| ||und||
040 ## - CATALOGING SOURCE
Transcribing agency GE_BSU
080 ## - UNIVERSAL DECIMAL CLASSIFICATION NUMBER
Universal Decimal Classification number 821.353.1-11
100 ## - MAIN ENTRY--PERSONAL NAME
Personal name გურამიშვილი,დავით
245 ## - TITLE STATEMENT
Title ქართული პოეზია. 15 ტომად:ტ.4.დავით გურამიშვილი:დავითიანი
245 ## - TITLE STATEMENT
Statement of responsibility, etc. სარედ. კოლ.: გრ. აბაშიძე, ან.კალანდაძე, მ.ლებანიძე და სხვ.წინასიტყვ.ელ.მაღრაძისა;ლექსიკონის შემდგ.ივ.გიგინეიშვილი.მხატვ.დ.დუნდუა.რედ.ა.ბრეგაძე
260 ## - PUBLICATION, DISTRIBUTION, ETC.
Place of publication, distribution, etc. თბილისი
260 ## - PUBLICATION, DISTRIBUTION, ETC.
Name of publisher, distributor, etc. ნაკადული
260 ## - PUBLICATION, DISTRIBUTION, ETC.
Date of publication, distribution, etc. 1975
300 ## - PHYSICAL DESCRIPTION
Extent 411გვ.18სმ.
300 ## - PHYSICAL DESCRIPTION
Dimensions ლექსიკონი გვ.412-500
653 ## - INDEX TERM--UNCONTROLLED
Uncontrolled term დავითიანი
653 ## - INDEX TERM--UNCONTROLLED
Uncontrolled term ქართული პოეზია
942 ## - ADDED ENTRY ELEMENTS (KOHA)
Koha item type წიგნი
ეგზემპლარები
Withdrawn status Lost status Damaged status Not for loan Date acquired Barcode Date last seen Price effective from Koha item type
        2018-12-17 34136 2018-12-17 2018-12-17 წიგნი
        2018-12-17 34137 2018-12-17 2018-12-17 წიგნი